| 000 | 01103nam a2200253Ii 4500 | ||
|---|---|---|---|
| 003 | JO-AjNU | ||
| 005 | 20231202112348.0 | ||
| 008 | 230605s9999||||xx |||||||||||||| ||und|| | ||
| 040 |
_aJO-AjNU _bara _erda _cJO-AjNU |
||
| 041 | _aara | ||
| 050 |
_aHF5667. _bQ23 2000 |
||
| 100 | 1 |
_aالقاضي، حسين يوسف _964577 _eمؤلف |
|
| 245 | 0 |
_aتدقيق الحسابات الاجراءات / _cحسين يوسف القاضي، حسين احمد دحدوح |
|
| 250 |
_aالطبعة الاولى _bالاصدار الاول |
||
| 260 |
_aعمان : _bالدار العلمية الدولية للنشر والتوزيع، دار الثقافة للنشر والتوزيع، _c2000 |
||
| 300 | _a384 صفحة | ||
| 336 |
_atext _btxt _2rdacontent |
||
| 337 |
_aunmediated _bn _2rdamedia |
||
| 338 |
_avolume _bnc _2rdacarrier |
||
| 504 | _aيحتوي على مراجع باللغتين العربية والانجليزية | ||
| 650 | 4 | 0 |
_aالمحاسبة-مراجعة الحسابات-تدقيق _964578 |
| 700 | 1 |
_aدحدوح، حسين احمد _964579 _eمؤلف مشارك |
|
| 942 |
_2lcc _cBK |
||
| 999 |
_c33081 _d33081 |
||